[Event "2024 National Middle School Championship"]
[Site "Atlanta, Georgia, United States"]
[Date "2024.05.10"]
[Round "2.6"]
[White "Paragua, Megan Althea"]
[Black "Moina, Lucas"]
[Result "1-0"]
[TimeControl "G/90;d10"]
[WhiteElo "2198"]
[BlackElo "1863"]

1. e4 {[%clk 01:26:39]} {[%emt 00:03:29]} c6 {[%clk 01:29:59]} {[%emt
00:00:12]} 2. d4 {[%clk 01:26:39]} {[%emt 00:00:09]} d5 {[%clk 01:29:59]}
{[%emt 00:00:05]} 3. exd5 {[%clk 01:26:39]} {[%emt 00:00:07]} cxd5 {[%clk
01:29:59]} {[%emt 00:00:06]} 4. c4 {[%clk 01:26:39]} {[%emt 00:00:08]} Nf6
{[%clk 01:29:59]} {[%emt 00:00:09]} 5. Nc3 {[%clk 01:26:37]} {[%emt 00:00:12]}
Nc6 {[%clk 01:29:30]} {[%emt 00:00:40]} 6. Nf3 {[%clk 01:26:34]} {[%emt
00:00:13]} e6 {[%clk 01:28:38]} {[%emt 00:01:02]} 7. c5 {[%clk 01:26:30]}
{[%emt 00:00:14]} Be7 {[%clk 01:26:19]} {[%emt 00:02:29]} 8. Bb5 {[%clk
01:25:47]} {[%emt 00:00:52]} O-O {[%clk 01:19:47]} {[%emt 00:06:43]} 9. O-O
{[%clk 01:25:19]} {[%emt 00:00:37]} Qc7 {[%clk 01:18:52]} {[%emt 00:01:06]} 10.
Re1 {[%clk 01:23:41]} {[%emt 00:01:48]} h6 {[%clk 01:17:14]} {[%emt 00:01:48]}
11. Rb1 {[%clk 01:21:24]} {[%emt 00:02:27]} Rd8 {[%clk 01:07:15]} {[%emt
00:10:08]} 12. b4 {[%clk 01:18:15]} {[%emt 00:03:19]} Bd7 {[%clk 00:49:35]}
{[%emt 00:17:51]} 13. g3 {[%clk 01:07:10]} {[%emt 00:11:13]} Qc8 {[%clk
00:42:35]} {[%emt 00:07:12]} 14. Bf1 {[%clk 01:00:24]} {[%emt 00:06:56]} b6
{[%clk 00:24:10]} {[%emt 00:18:35]} 15. Na4 {[%clk 00:45:44]} {[%emt 00:14:49]}
bxc5 {[%clk 00:19:40]} {[%emt 00:04:40]} 16. Nxc5 {[%clk 00:42:37]} {[%emt
00:03:17]} Bxc5 {[%clk 00:19:21]} {[%emt 00:00:29]} 17. dxc5 {[%clk 00:42:24]}
{[%emt 00:00:23]} Ne4 {[%clk 00:15:33]} {[%emt 00:03:58]} 18. Bb2 {[%clk
00:41:06]} {[%emt 00:01:28]} Ne7 {[%clk 00:13:10]} {[%emt 00:02:33]} 19. Rc1
{[%clk 00:38:01]} {[%emt 00:03:15]} a6 {[%clk 00:12:51]} {[%emt 00:00:30]} 20.
a3 {[%clk 00:35:07]} {[%emt 00:03:03]} Qb7 {[%clk 00:11:06]} {[%emt 00:01:55]}
21. Ne5 {[%clk 00:31:44]} {[%emt 00:03:32]} Bb5 {[%clk 00:09:30]} {[%emt
00:01:47]} 22. Qh5 {[%clk 00:27:35]} {[%emt 00:04:18]} Rf8 {[%clk 00:05:51]}
{[%emt 00:03:50]} 23. Bg2 {[%clk 00:24:29]} {[%emt 00:03:15]} Nf6 {[%clk
00:05:36]} {[%emt 00:00:26]} 24. Qf3 {[%clk 00:22:54]} {[%emt 00:01:45]} Rac8
{[%clk 00:04:54]} {[%emt 00:00:53]} 25. h4 {[%clk 00:21:08]} {[%emt 00:01:56]}
Qc7 {[%clk 00:04:02]} {[%emt 00:01:02]} 26. Qb3 {[%clk 00:18:17]} {[%emt
00:03:00]} Nd7 {[%clk 00:01:54]} {[%emt 00:02:18]} 27. a4 {[%clk 00:18:03]}
{[%emt 00:00:25]} Bc6 {[%clk 00:01:54]} {[%emt 00:00:05]} 28. b5 {[%clk
00:17:01]} {[%emt 00:01:12]} Ba8 {[%clk 00:01:45]} {[%emt 00:00:18]} 29. Nd3
{[%clk 00:15:43]} {[%emt 00:01:28]} Rb8 {[%clk 00:01:38]} {[%emt 00:00:18]} 30.
b6 {[%clk 00:12:27]} {[%emt 00:03:26]} Qb7 {[%clk 00:01:24]} {[%emt 00:00:23]}
31. Nf4 {[%clk 00:12:06]} {[%emt 00:00:31]} Rfc8 {[%clk 00:01:13]} {[%emt
00:00:22]} 32. Qa3 {[%clk 00:11:43]} {[%emt 00:00:33]} Nc6 {[%clk 00:01:07]}
{[%emt 00:00:15]} 33. Qc3 {[%clk 00:11:43]} {[%emt 00:00:07]} Nf6 {[%clk
00:01:07]} {[%emt 00:00:11]} 34. Qd2 {[%clk 00:11:19]} {[%emt 00:00:34]} Nd7
{[%clk 00:00:51]} {[%emt 00:00:26]} 35. Nh5 {[%clk 00:11:11]} {[%emt 00:00:18]}
1-0

[Event "2024 National Middle School Championship"]
[Site "Atlanta, Georgia, United States"]
[Date "2024.05.10"]
[Round "2.7"]
[White "Rao, Anjaneya Sripathy"]
[Black "Williams, Christoper J"]
[Result "1-0"]
[TimeControl "G/90;d10"]
[WhiteElo "2182"]
[BlackElo "1863"]

1. e4 {[%clk 01:30:00]} {[%emt 00:00:02]} c5 {[%clk 01:29:51]} {[%emt
00:00:19]} 2. Nf3 {[%clk 01:30:00]} {[%emt 00:00:06]} d6 {[%clk 01:29:51]}
{[%emt 00:00:06]} 3. d4 {[%clk 01:30:00]} {[%emt 00:00:05]} cxd4 {[%clk
01:29:51]} {[%emt 00:00:05]} 4. Qxd4 {[%clk 01:30:00]} {[%emt 00:00:05]} Nf6
{[%clk 01:29:51]} {[%emt 00:00:09]} 5. c4 {[%clk 01:29:43]} {[%emt 00:00:27]}
Nc6 {[%clk 01:29:46]} {[%emt 00:00:16]} 6. Qe3 {[%clk 01:29:43]} {[%emt
00:00:08]} e6 {[%clk 01:29:30]} {[%emt 00:00:26]} 7. Nc3 {[%clk 01:29:11]}
{[%emt 00:00:41]} Be7 {[%clk 01:29:27]} {[%emt 00:00:13]} 8. Be2 {[%clk
01:28:30]} {[%emt 00:00:52]} O-O {[%clk 01:29:02]} {[%emt 00:00:35]} 9. h3
{[%clk 01:28:17]} {[%emt 00:00:23]} Nb4 {[%clk 01:26:24]} {[%emt 00:02:38]} 10.
Bd1 {[%clk 01:24:09]} {[%emt 00:04:28]} Qb6 {[%clk 01:23:31]} {[%emt 00:03:02]}
11. Qe2 {[%clk 01:14:03]} {[%emt 00:10:17]} Bd7 {[%clk 01:22:08]} {[%emt
00:01:33]} 12. O-O {[%clk 01:13:03]} {[%emt 00:01:10]} Bc6 {[%clk 01:21:02]}
{[%emt 00:01:16]} 13. a3 {[%clk 01:08:21]} {[%emt 00:04:52]} Na6 {[%clk
01:20:49]} {[%emt 00:00:23]} 14. b4 {[%clk 01:08:19]} {[%emt 00:00:12]} Nb8
{[%clk 01:19:49]} {[%emt 00:01:11]} 15. Bc2 {[%clk 01:03:36]} {[%emt 00:04:52]}
Qc7 {[%clk 01:18:44]} {[%emt 00:01:15]} 16. Rd1 {[%clk 01:02:34]} {[%emt
00:01:12]} b6 {[%clk 01:18:02]} {[%emt 00:00:52]} 17. Nd4 {[%clk 00:57:03]}
{[%emt 00:05:40]} a6 {[%clk 01:16:19]} {[%emt 00:01:54]} 18. b5 {[%clk
00:53:00]} {[%emt 00:04:12]} axb5 {[%clk 01:14:22]} {[%emt 00:02:07]} 19. Ncxb5
{[%clk 00:52:57]} {[%emt 00:00:13]} Bxb5 {[%clk 01:14:12]} {[%emt 00:00:20]} 20.
cxb5 {[%clk 00:52:35]} {[%emt 00:00:32]} d5 {[%clk 01:12:32]} {[%emt 00:01:51]}
21. exd5 {[%clk 00:44:31]} {[%emt 00:08:14]} exd5 {[%clk 01:12:16]} {[%emt
00:00:26]} 22. Nf5 {[%clk 00:39:00]} {[%emt 00:05:40]} Bc5 {[%clk 01:11:11]}
{[%emt 00:01:16]} 23. Qf3 {[%clk 00:33:40]} {[%emt 00:05:30]} Nbd7 {[%clk
01:10:06]} {[%emt 00:01:15]} 24. Bf4 {[%clk 00:33:39]} {[%emt 00:00:10]} Qc8
{[%clk 01:08:25]} {[%emt 00:01:50]} 25. Bb3 {[%clk 00:27:44]} {[%emt 00:06:06]}
Ne4 {[%clk 01:07:36]} {[%emt 00:00:59]} 26. Rdc1 {[%clk 00:21:56]} {[%emt
00:05:57]} Qb7 {[%clk 01:05:45]} {[%emt 00:02:03]} 27. Rxc5 {[%clk 00:18:50]}
{[%emt 00:03:16]} Ndxc5 {[%clk 01:03:22]} {[%emt 00:02:32]} 28. Bxd5 {[%clk
00:18:50]} {[%emt 00:00:08]} Qd7 {[%clk 01:00:37]} {[%emt 00:02:55]} 29. Bxe4
{[%clk 00:18:50]} {[%emt 00:00:10]} Nxe4 {[%clk 00:59:44]} {[%emt 00:01:03]} 30.
Qg4 {[%clk 00:18:12]} {[%emt 00:00:47]} Ng5 {[%clk 00:59:23]} {[%emt 00:00:27]}
31. Nh6+ {[%clk 00:17:56]} {[%emt 00:00:30]} gxh6 {[%clk 00:59:02]} {[%emt
00:00:31]} 32. Qxd7 {[%clk 00:17:56]} {[%emt 00:00:08]} Kg7 {[%clk 00:59:02]}
{[%emt 00:00:08]} 33. Be5+ {[%clk 00:17:40]} {[%emt 00:00:25]} Kg6 {[%clk
00:59:02]} {[%emt 00:00:07]} 34. f4 {[%clk 00:16:56]} {[%emt 00:00:53]} Rad8
{[%clk 00:58:46]} {[%emt 00:00:24]} 35. Qg4 {[%clk 00:15:47]} {[%emt 00:01:22]}
f5 {[%clk 00:58:46]} {[%emt 00:00:10]} 36. Qg3 {[%clk 00:15:47]} {[%emt
00:00:09]} Kh5 {[%clk 00:58:46]} {[%emt 00:00:10]} 37. fxg5 {[%clk 00:15:37]}
{[%emt 00:00:19]} Rd3 {[%clk 00:58:46]} {[%emt 00:00:04]} 38. Qxd3 {[%clk
00:15:33]} {[%emt 00:00:14]} f4 {[%clk 00:58:41]} {[%emt 00:00:16]} 39. Qf3+
{[%clk 00:15:08]} {[%emt 00:00:33]} Kh4 {[%clk 00:58:41]} {[%emt 00:00:06]} 40.
Qg4# {[%clk 00:15:08]} {[%emt 00:00:08]} 1-0

[Event "2024 National Middle School Championship"]
[Site "Atlanta, Georgia, United States"]
[Date "2024.05.10"]
[Round "2.8"]
[White "Murugan Ayyappan, Adhiraiya"]
[Black "Vemparala, Nikash"]
[Result "0-1"]
[TimeControl "G/90;d10"]
[WhiteElo "1853"]
[BlackElo "2171"]

1. d4 {[%clk 01:30:00]} {[%emt 00:00:01]} d5 {[%clk 01:30:00]} {[%emt
00:00:10]} 2. c4 {[%clk 01:30:00]} {[%emt 00:00:06]} e6 {[%clk 01:30:00]}
{[%emt 00:00:04]} 3. Nc3 {[%clk 01:30:00]} {[%emt 00:00:06]} h6 {[%clk
01:30:00]} {[%emt 00:00:04]} 4. Nf3 {[%clk 01:29:57]} {[%emt 00:00:13]} Nf6
{[%clk 01:30:00]} {[%emt 00:00:04]} 5. Bf4 {[%clk 01:29:53]} {[%emt 00:00:14]}
Bd6 {[%clk 01:30:00]} {[%emt 00:00:07]} 6. Bg3 {[%clk 01:29:12]} {[%emt
00:00:50]} Bxg3 {[%clk 01:29:09]} {[%emt 00:01:02]} 7. hxg3 {[%clk 01:29:11]}
{[%emt 00:00:10]} Nbd7 {[%clk 01:28:52]} {[%emt 00:00:27]} 8. e3 {[%clk
01:25:19]} {[%emt 00:04:02]} c6 {[%clk 01:25:26]} {[%emt 00:03:36]} 9. Qc2
{[%clk 01:21:50]} {[%emt 00:03:39]} Qe7 {[%clk 01:22:54]} {[%emt 00:02:42]} 10.
Rc1 {[%clk 01:12:05]} {[%emt 00:09:54]} O-O {[%clk 01:16:07]} {[%emt 00:06:57]}
11. cxd5 {[%clk 01:07:47]} {[%emt 00:04:29]} exd5 {[%clk 01:15:57]} {[%emt
00:00:20]} 12. Bd3 {[%clk 01:07:41]} {[%emt 00:00:15]} Re8 {[%clk 01:14:17]}
{[%emt 00:01:51]} 13. O-O {[%clk 01:03:04]} {[%emt 00:04:46]} Ne4 {[%clk
01:10:52]} {[%emt 00:03:36]} 14. Nd2 {[%clk 00:52:37]} {[%emt 00:10:37]} f5
{[%clk 00:58:16]} {[%emt 00:12:46]} 15. Rfe1 {[%clk 00:45:15]} {[%emt
00:07:32]} Ndf6 {[%clk 00:56:45]} {[%emt 00:01:41]} 16. Nf1 {[%clk 00:33:44]}
{[%emt 00:11:40]} Nh5 {[%clk 00:43:36]} {[%emt 00:13:19]} 17. Be2 {[%clk
00:29:08]} {[%emt 00:04:46]} Nhf6 {[%clk 00:38:57]} {[%emt 00:04:49]} 18. Bd3
{[%clk 00:26:46]} {[%emt 00:02:32]} Bd7 {[%clk 00:37:36]} {[%emt 00:01:31]} 19.
a3 {[%clk 00:20:04]} {[%emt 00:06:53]} Kh8 {[%clk 00:36:29]} {[%emt 00:01:17]}
20. Nd2 {[%clk 00:14:31]} {[%emt 00:05:42]} Qf7 {[%clk 00:32:16]} {[%emt
00:04:24]} 21. Nf3 {[%clk 00:04:20]} {[%emt 00:10:20]} Qh5 {[%clk 00:29:45]}
{[%emt 00:02:42]} 22. Ne5 {[%clk 00:03:01]} {[%emt 00:01:28]} Rxe5 {[%clk
00:29:10]} {[%emt 00:00:46]} 23. dxe5 {[%clk 00:03:01]} {[%emt 00:00:04]} Ng4
{[%clk 00:29:10]} {[%emt 00:00:03]} 24. Bxe4 {[%clk 00:01:38]} {[%emt
00:01:33]} fxe4 {[%clk 00:29:10]} 25. Nd1 {[%clk 00:00:37]} {[%emt 00:01:10]}
Qh2+ {[%clk 00:29:10]} {[%emt 00:00:07]} 26. Kf1 {[%clk 00:00:37]} {[%emt
00:00:03]} Nxe5 {[%clk 00:28:39]} {[%emt 00:00:41]} 27. Qb3 {[%clk 00:00:20]}
{[%emt 00:00:27]} Bg4 {[%clk 00:28:36]} {[%emt 00:00:12]} 28. f3 {[%clk
00:00:19]} {[%emt 00:00:12]} exf3 {[%clk 00:28:06]} {[%emt 00:00:40]} 29. gxf3
{[%clk 00:00:14]} {[%emt 00:00:14]} Bh3# {[%emt 00:00:13]} 0-1

[Event "2024 National Middle School Championship"]
[Site "Atlanta, Georgia, United States"]
[Date "2024.05.10"]
[Round "2.10"]
[White "Muneepeerakul, Analaya"]
[Black "Moorhouse, Will"]
[Result "1/2-1/2"]
[TimeControl "G/90;d10"]
[WhiteElo "1846"]
[BlackElo "2162"]

1. e4 {[%clk 01:30:00]} e5 {[%clk 01:28:27]} {[%emt 00:01:44]} 2. d4 {[%clk
01:28:48]} {[%emt 00:01:23]} exd4 {[%clk 01:28:27]} {[%emt 00:00:04]} 3. Nf3
{[%clk 01:28:48]} {[%emt 00:00:05]} Nc6 {[%clk 01:28:27]} {[%emt 00:00:10]} 4.
Bc4 {[%clk 01:28:48]} {[%emt 00:00:05]} Bc5 {[%clk 01:28:27]} {[%emt 00:00:07]}
5. c3 {[%clk 01:28:48]} {[%emt 00:00:04]} Nf6 {[%clk 01:28:27]} {[%emt
00:00:06]} 6. O-O {[%clk 01:28:40]} {[%emt 00:00:18]} Nxe4 {[%clk 01:28:27]}
{[%emt 00:00:07]} 7. cxd4 {[%clk 01:28:39]} {[%emt 00:00:11]} d5 {[%clk
01:28:27]} {[%emt 00:00:05]} 8. dxc5 {[%clk 01:25:23]} {[%emt 00:03:25]} dxc4
{[%clk 01:28:27]} {[%emt 00:00:02]} 9. Qxd8+ {[%clk 01:24:43]} {[%emt
00:00:49]} Kxd8 {[%clk 01:28:27]} {[%emt 00:00:01]} 10. Be3 {[%clk 01:22:51]}
{[%emt 00:02:02]} Be6 {[%clk 01:21:07]} {[%emt 00:07:29]} 11. Nbd2 {[%clk
01:20:07]} {[%emt 00:02:55]} Nxd2 {[%clk 01:19:49]} {[%emt 00:01:28]} 12. Rfd1
{[%clk 01:16:49]} {[%emt 00:03:28]} Ke7 {[%clk 01:15:28]} {[%emt 00:04:31]} 13.
Rxd2 {[%clk 01:16:17]} {[%emt 00:00:42]} Rhd8 {[%clk 01:13:35]} {[%emt
00:02:01]} 14. Re2 {[%clk 01:05:33]} {[%emt 00:10:56]} f6 {[%clk 00:59:25]}
{[%emt 00:14:21]} 15. Bf4 {[%clk 01:00:38]} {[%emt 00:05:04]} Kf7 {[%clk
00:58:01]} {[%emt 00:01:33]} 16. Bxc7 {[%clk 00:57:33]} {[%emt 00:03:15]} Rd5
{[%clk 00:55:56]} {[%emt 00:02:15]} 17. Bd6 {[%clk 00:53:52]} {[%emt 00:03:50]}
Nb4 {[%clk 00:49:41]} {[%emt 00:06:27]} 18. Re4 {[%clk 00:44:10]} {[%emt
00:09:51]} Nd3 {[%clk 00:36:56]} {[%emt 00:12:56]} 19. Rb1 {[%clk 00:38:51]}
{[%emt 00:05:30]} Nxc5 {[%clk 00:34:29]} {[%emt 00:02:37]} 20. Rxc4 {[%clk
00:24:28]} {[%emt 00:14:33]} Na6 {[%clk 00:27:27]} {[%emt 00:07:11]} 21. Ba3
{[%clk 00:14:54]} {[%emt 00:09:45]} Rad8 {[%clk 00:22:29]} {[%emt 00:05:07]} 22.
Re1 {[%clk 00:12:28]} {[%emt 00:02:37]} Rd1 {[%clk 00:19:24]} {[%emt 00:03:15]}
23. Rce4 {[%clk 00:10:16]} {[%emt 00:02:22]} Rxe1+ {[%clk 00:18:54]} {[%emt
00:00:40]} 24. Rxe1 {[%clk 00:09:04]} {[%emt 00:01:22]} Rd7 {[%clk 00:10:38]}
{[%emt 00:08:27]} 25. b3 {[%clk 00:06:51]} {[%emt 00:02:22]} Rd5 {[%clk
00:10:29]} {[%emt 00:00:20]} 26. Re2 {[%clk 00:04:44]} {[%emt 00:02:16]} Ra5
{[%clk 00:09:21]} {[%emt 00:01:16]} 27. Bd6 {[%clk 00:04:37]} {[%emt 00:00:18]}
g5 {[%clk 00:07:42]} {[%emt 00:01:50]} 28. h3 {[%clk 00:04:05]} {[%emt
00:00:41]} Rd5 {[%clk 00:06:09]} {[%emt 00:01:43]} 29. Ba3 {[%clk 00:03:22]}
{[%emt 00:00:54]} b5 {[%clk 00:04:46]} {[%emt 00:01:33]} 30. Kh2 {[%clk
00:03:08]} {[%emt 00:00:23]} Nc5 {[%clk 00:03:32]} {[%emt 00:01:25]} 31. Nd4
{[%clk 00:02:45]} {[%emt 00:00:33]} Rxd4 {[%clk 00:02:48]} {[%emt 00:00:53]} 32.
Bxc5 {[%clk 00:02:45]} {[%emt 00:00:02]} Rd7 {[%clk 00:02:48]} 33. g4 {[%clk
00:02:19]} {[%emt 00:00:35]} a5 {[%clk 00:02:03]} {[%emt 00:00:56]} 34. f3
{[%clk 00:02:14]} {[%emt 00:00:15]} Rd3 {[%clk 00:01:55]} {[%emt 00:00:18]} 35.
Kg2 {[%clk 00:02:13]} {[%emt 00:00:11]} Bd5 {[%clk 00:01:55]} {[%emt 00:00:05]}
36. Rf2 {[%clk 00:02:13]} {[%emt 00:00:06]} Kg6 {[%clk 00:01:42]} {[%emt
00:00:24]} 37. Kg3 {[%clk 00:02:13]} {[%emt 00:00:09]} f5 {[%clk 00:01:42]}
{[%emt 00:00:09]} 38. Bf8 {[%clk 00:01:43]} {[%emt 00:00:40]} h5 {[%clk
00:01:42]} {[%emt 00:00:10]} 39. Bc5 {[%clk 00:01:37]} {[%emt 00:00:16]} fxg4
{[%clk 00:00:52]} {[%emt 00:01:00]} 40. hxg4 {[%clk 00:01:37]} {[%emt
00:00:05]} h4+ {[%clk 00:00:52]} 41. Kg2 {[%clk 00:01:37]} {[%emt 00:00:07]}
Bc6 {[%clk 00:00:52]} {[%emt 00:00:04]} 42. Bf8 {[%clk 00:01:14]} {[%emt
00:00:33]} Kf6 {[%clk 00:00:48]} {[%emt 00:00:14]} 43. Ba3 {[%clk 00:01:11]}
{[%emt 00:00:12]} Ke5 {[%clk 00:00:22]} {[%emt 00:00:38]} 44. Bb2+ {[%clk
00:01:11]} {[%emt 00:00:03]} Kf4 {[%clk 00:00:22]} {[%emt 00:00:03]} 45. Bc1+
{[%clk 00:01:11]} {[%emt 00:00:02]} Ke5 {[%clk 00:00:22]} {[%emt 00:00:02]} 46.
Bb2+ {[%clk 00:01:11]} Ke6 {[%clk 00:00:22]} {[%emt 00:00:10]} 47. Ba3 {[%clk
00:01:11]} {[%emt 00:00:05]} a4 {[%clk 00:00:22]} {[%emt 00:00:02]} 48. Bc1
{[%clk 00:01:03]} {[%emt 00:00:18]} axb3 {[%clk 00:00:22]} {[%emt 00:00:06]} 49.
axb3 {[%clk 00:01:03]} {[%emt 00:00:03]} Kf6 {[%clk 00:00:22]} {[%emt
00:00:04]} 50. Bb2+ {[%clk 00:01:03]} {[%emt 00:00:02]} Kg6 {[%clk 00:00:22]}
51. b4 {[%clk 00:00:41]} {[%emt 00:00:32]} Rb3 {[%clk 00:00:22]} 52. Be5 {[%clk
00:00:41]} {[%emt 00:00:05]} Rxb4 {[%clk 00:00:22]} {[%emt 00:00:02]} 53. Kh3
{[%clk 00:00:41]} {[%emt 00:00:06]} Rb3 {[%clk 00:00:22]} {[%emt 00:00:02]} 54.
Kg2 {[%clk 00:00:41]} {[%emt 00:00:02]} Kf7 {[%emt 00:00:09]} 55. Ba1 {[%clk
00:00:38]} {[%emt 00:00:12]} Rd3 {[%clk 00:00:22]} {[%emt 00:00:04]} 56. Bb2
{[%clk 00:00:38]} {[%emt 00:00:05]} Ke6 {[%clk 00:00:15]} {[%emt 00:00:24]} 57.
Ba1 {[%clk 00:00:38]} {[%emt 00:00:08]} Kd5 {[%clk 00:00:15]} {[%emt 00:00:02]}
58. Bf6 {[%clk 00:00:38]} {[%emt 00:00:02]} b4 {[%clk 00:00:11]} {[%emt
00:00:14]} 59. Bxg5 {[%clk 00:00:38]} {[%emt 00:00:03]} Kc4 {[%clk 00:00:11]}
{[%emt 00:00:03]} 60. Bxh4 {[%clk 00:00:38]} {[%emt 00:00:04]} b3 {[%clk
00:00:11]} 61. Bf6 {[%clk 00:00:38]} {[%emt 00:00:01]} Rd7 {[%clk 00:00:11]}
{[%emt 00:00:09]} 62. g5 {[%clk 00:00:38]} {[%emt 00:00:02]} Rf7 {[%clk
00:00:11]} {[%emt 00:00:04]} 63. Kg3 {[%clk 00:00:38]} {[%emt 00:00:02]} Bd7
{[%clk 00:00:11]} {[%emt 00:00:04]} 64. f4 {[%clk 00:00:38]} {[%emt 00:00:03]}
Bf5 {[%clk 00:00:11]} 65. Be5 {[%clk 00:00:38]} {[%emt 00:00:09]} Rh7 {[%clk
00:00:11]} {[%emt 00:00:03]} 66. Rh2 {[%clk 00:00:38]} {[%emt 00:00:09]} Rd7
{[%clk 00:00:11]} 67. Bf6 {[%clk 00:00:34]} {[%emt 00:00:13]} Rd3+ {[%clk
00:00:11]} {[%emt 00:00:02]} 68. Kh4 {[%clk 00:00:34]} {[%emt 00:00:08]} Rf3
{[%clk 00:00:11]} {[%emt 00:00:02]} 69. Kh5 {[%clk 00:00:26]} {[%emt 00:00:19]}
Rxf4 {[%clk 00:00:11]} {[%emt 00:00:06]} 70. Rg2 {[%clk 00:00:22]} {[%emt
00:00:14]} Bc2 {[%clk 00:00:11]} {[%emt 00:00:07]} 71. Kh6 {[%clk 00:00:22]}
{[%emt 00:00:08]} Kd3 {[%clk 00:00:11]} {[%emt 00:00:03]} 72. Be5 {[%clk
00:00:22]} {[%emt 00:00:09]} Rh4+ {[%clk 00:00:11]} {[%emt 00:00:06]} 73. Kg7
{[%clk 00:00:22]} {[%emt 00:00:06]} Ke4 {[%clk 00:00:11]} {[%emt 00:00:10]} 74.
Bf6 {[%clk 00:00:22]} {[%emt 00:00:05]} Kf5 {[%clk 00:00:11]} {[%emt 00:00:07]}
75. Rf2+ {[%clk 00:00:17]} {[%emt 00:00:14]} Ke6 {[%clk 00:00:11]} {[%emt
00:00:05]} 76. Re2+ {[%clk 00:00:17]} {[%emt 00:00:02]} Kf5 {[%clk 00:00:11]}
{[%emt 00:00:03]} 77. Rf2+ {[%clk 00:00:17]} {[%emt 00:00:01]} Ke4 {[%clk
00:00:11]} {[%emt 00:00:06]} 78. g6 {[%clk 00:00:17]} {[%emt 00:00:06]} Rg4
{[%clk 00:00:11]} {[%emt 00:00:03]} 79. Kf7 {[%clk 00:00:17]} {[%emt 00:00:04]}
Ke3 {[%clk 00:00:11]} {[%emt 00:00:02]} 80. Rxc2 {[%clk 00:00:07]} {[%emt
00:00:20]} bxc2 {[%clk 00:00:11]} {[%emt 00:00:07]} 81. Bb2 {[%clk 00:00:07]}
Rb4 {[%clk 00:00:09]} {[%emt 00:00:13]} 82. Bc1+ {[%clk 00:00:07]} {[%emt
00:00:02]} Ke2 {[%emt 00:00:02]} 83. g7 {[%emt 00:00:05]} Rb7+ {[%clk
00:00:09]} 84. Kf8 {[%clk 00:00:07]} {[%emt 00:00:04]} Kd1 {[%clk 00:00:09]}
{[%emt 00:00:04]} 85. Ba3 {[%clk 00:00:06]} {[%emt 00:00:11]} Rb8+ {[%clk
00:00:08]} {[%emt 00:00:12]} 86. Kf7 {[%clk 00:00:06]} {[%emt 00:00:05]} Rb7+
{[%clk 00:00:08]} 87. Kf8 {[%clk 00:00:06]} {[%emt 00:00:01]} Rb3 {[%clk
00:00:04]} {[%emt 00:00:14]} 88. g8=Q {[%clk 00:00:06]} {[%emt 00:00:05]} Rb8+
{[%clk 00:00:04]} {[%emt 00:00:06]} 89. Kf7 {[%clk 00:00:06]} {[%emt 00:00:03]}
Rxg8 {[%clk 00:00:04]} 90. Kxg8 {[%clk 00:00:06]} Kd2 {[%clk 00:00:04]} 91. Kf7
{[%clk 00:00:06]} {[%emt 00:00:04]} Kc3 {[%emt 00:00:02]} 92. Ke6 {[%clk
00:00:06]} {[%emt 00:00:02]} Kb3 {[%clk 00:00:04]} 93. Bc1 {[%clk 00:00:06]}
Ka2 {[%clk 00:00:04]} 94. Bh6 {[%clk 00:00:06]} {[%emt 00:00:01]} Kb1 {[%clk
00:00:04]} 95. Kd5 {[%clk 00:00:06]} {[%emt 00:00:02]} Kb2 {[%clk 00:00:04]} 96.
Kd4 {[%clk 00:00:06]} Kb3 {[%clk 00:00:04]} 97. Kd3 {[%clk 00:00:06]} {[%emt
00:00:01]} Kb2 98. Kd4 {[%clk 00:00:06]} {[%emt 00:00:02]} Kb1 {[%clk
00:00:04]} 99. Kd3 {[%clk 00:00:06]} {[%emt 00:00:02]} Kb2 {[%emt 00:00:02]}
100. Ke2 {[%clk 00:00:06]} Kc3 {[%clk 00:00:04]} 101. Bd2+ {[%clk 00:00:06]}
{[%emt 00:00:02]} Kc4 {[%clk 00:00:04]} 102. Bc1 {[%clk 00:00:06]} {[%emt
00:00:04]} Kc3 {[%emt 00:00:02]} 103. Bd2+ {[%clk 00:00:06]} Kb2 {[%clk
00:00:04]} 104. Kd3 {[%clk 00:00:06]} {[%emt 00:00:02]} Kb3 {[%clk 00:00:04]}
105. Bc1 {[%clk 00:00:06]} {[%emt 00:00:02]} Kb4 {[%clk 00:00:04]} {[%emt
00:00:02]} 106. Kxc2 {[%clk 00:00:06]} 1/2-1/2